Master pIeces An Anthology Of Prose, Poetry, One Act Plat and Short Stories: (Record no. 200574)

MARC details
000 -LEADER
fixed length control field 00698nam a22001937a 4500
005 - DATE AND TIME OF LATEST TRANSACTION
control field 20240206153019.0
010 ## - LCCN (DPL NO)
LC control number ENG-139138
020 ## - INTERNATIONAL STANDARD BOOK NUMBER
International Standard Book Number 9788123428987
Terms of availability 105.00
035 ## - SYSTEM CONTROL NUMBER
System control number EN- 122670
037 ## - SOURCE OF ACQUISITION
Source of stock number/acquisition DBAD/PUB
082 ## - DEWEY DECIMAL CLASSIFICATION NUMBER
Classification number 883.9
245 ## - TITLE STATEMENT
Title Master pIeces An Anthology Of Prose, Poetry, One Act Plat and Short Stories:
Statement of responsibility, etc Edited By K Natarajan
260 ## - PUBLICATION, DISTRIBUTION, ETC. (IMPRINT)
Place of publication, distribution, etc Chennai
Name of publisher, distributor, etc New Century Book House (P) Ltd
270 ## - ADDRESS
Address 41-B, SIDCO Industrial Estate, Ambattur
City Chennai
Postal code 600098
Telephone number 044-26251968
-- 044-26258410
-- 044-26241288
Electronic mail address info@ncbh.in
300 ## - PHYSICAL DESCRIPTION
Extent vi,134p.
Dimensions 22cm(pb)
500 ## - GENERAL NOTE
General note For The 1 Semester
700 ## - ADDED ENTRY--PERSONAL NAME
Personal name Natarajan, K
Relator term Editor
9 (RLIN) 61784
942 ## - ADDED ENTRY ELEMENTS (KOHA)
Source of classification or shelving scheme Dewey Decimal Classification
Item type English Books
Classification part 883.9
Call number suffix MAS
Holdings
Withdrawn status Lost status Not for loan Collection code Home library Current library Date acquired Source of acquisition Cost, normal purchase price Full call number Barcode Copy number Cost, replacement price Koha item type
      Non-fiction Sarojini Nagar Sarojini Nagar 06/02/2024 DBAD/PUB 105.00 883.9 MAS EN-122670 1 105.00 English Books

© Delhi Public Library
Hit Counter
free hit counter